[Event "Main Vogelsberg Seniors-ch 1st"]
[Site "Grossauheim"]
[Date "2006.03.16"]
[Round "3"]
[White "Haftmann, Rainer"]
[Black "Domskoi, Boris"]
[Result "1-0"]
[WhiteElo "1812"]
[BlackElo "1824"]
[PlyCount "46"]
[EventDate "2006.03.02"]
[EventType "swiss"]
[EventRounds "7"]
[EventCountry "GER"]
[SourceTitle "EXT 2007"]
[Source "ChessBase"]
[SourceDate "2006.11.23"]
[SourceVersion "1"]
[SourceVersionDate "2006.11.23"]
[SourceQuality "1"]

1. e4 d5 2. exd5 Qxd5 3. Nc3 Qa5 4. d4 c6 5. Nf3 Nf6 6. Bc4 e6 7. 0-0 Bd6 8. Re1 0-0 9. Ne5 Nd5 10. Bd2 Qb6 11. Bc1 Nd7 12. Bb3 Qc7 13. f4 f6 14. Nd3 N7b6 15. Rf1 Nxc3 16. bxc3 c5 17. dxc5 Bxc5+ 18. Kh1 Kh8 19. a4 a5 20. Nxc5 Rd8 21. Nd3 Qxc3 22. Bb2 Qc6 23. Qf3 Qe8 1-0